Statistieken voor Andorra Trivia Quiz

Klik hier om de quiz te nemen!

Algemene statistieken

  • Deze quiz is 401 keer genomen
  • De gemiddelde score is 10 van 15

Antwoordstatistieken

HintAntwoord% Correct
Aangrenzende landenFrankrijk
97%
Aangrenzende landenSpanje
97%
Hoofdstad van AndorraAndorra la {Vella}
92%
Valuta van AndorraEuro
86%
Aantal Olympische medailles dat Andorra in zijn geschiedenis heeft gewonnen0
85%
Andorra is in deze bergketen te vindenPyreneeën
80%
Officiële taalCatalaans
69%
... daarom heeft het ook de hoogste gemiddelde ___ van heel EuropaHoogte
66%
Als gevolg van een juridische vergissing was Andorra van 1914 tot 1958 technisch gezien in oorlog met dit landDuitsland
58%
Industrie die goed is voor ongeveer 80% van het BBPToerisme
53%
De covorsten van Andorra{President} van Frankrijk
45%
Grandvalira is dit type resort{Ski}resort
43%
Frankische koning die wordt beschouwd als de grondlegger van AndorraKarel de Grote
39%
Volledige naam{Prinsdom} Andorra
32%
De covorsten van Andorra{Bisschop} van Urgell
27%

Scoreverdeling

Percentiel versus Aantal Correcte Antwoorden

Procent van Mensen met Elke Score

Uw Scoregeschiedenis

U heeft deze quiz nog niet genomen